000 01660nam a22004337a 4500
003 CHAP
005 20220329143555.0
008 100616s2010 mx r 00010 spa d
010 _a98726
011 _a99698
035 _a110384
040 _cCHAP
090 _aTesis
100 1 _aAlvarado Villarreal, Guadalupe
_94840
245 1 0 _aDiagnóstico del sistema agroindustrial manzana (Malus pumila Mill.) en el Estado de Chihuahua
_c/por Guadalupe Alvarado Villarreal
260 _aChapingo, Méx. :
_bEl autor,
_c2010
300 _av, 90 h. :
_bil., cuadros, gráfs.
502 _aTesis (Ing. Agroindustrial) -- UACH. Departamento de Ingeniería Agroindustrial
530 _aTambién disponible en línea
590 _aALEPH
_b10
_c20130110
_lUCH01
_h1534
590 _aBATCH-UPD
_b10
_c20130110
_lUCH01
_h1728
590 _aBATCH-UPD
_b10
_c20130410
_lUCH01
_h1110
590 _aBATCH-UPD
_b10
_c20130914
_lUCH01
_h1637
590 _aBATCH-UPD
_b10
_c20140324
_lUCH01
_h1518
590 _aBATCH-UPD
_b10
_c20141002
_lUCH01
_h0843
590 _aBATCH
_b00
_c20181121
_lUCH01
_h0758
590 _aCONVERSION
_b10
_c20130109
_lUCH01
_h1355
650 1 4 _aIndustrias agrícolas
_xChihuahua.
_957935
650 1 4 _aMalus pumila.
_970213
650 1 4 _aManzana
_xChihuahua.
_970746
650 1 4 _aManzana
_xExportación.
_970768
650 1 4 _aManzana
_xMercadeo.
_970786
856 _3Finding aid
_uhttp://10.13.5.2/tesis/110384.pdf
_zTeclea aqui
856 _a1
_n0000265
901 _aBK
942 _cFOLL
949 _aTesis
_bBC
_cTES
_d33724002176959
_eTS2
_fc.2
_gDonaciØn
_h50753
_i110384
_sb
949 _aTesis
_bBC
_cTES
_d33724002176991
_eTS1
_gDonaciØn
_h50752
_i110384
_sb
999 _c98726
_d98726